Paměti / György Konrád ; z maďarského originálu Elutazás és hazatérés ... a Fenn a hegyen napfogyatkozáskor ... přeložil Robert Svoboda
Record details
- ISBN: 978-80-200-2820-4
- Physical Description: 513 stran ; 21 cm
- Edition: Vydání první
- Publisher: Praha : Academia, 2018
Content descriptions
| Formatted Contents Note: | Odjezd a návrat -- Nahoře pod zatmělým sluncem |
Search for related items by subject
| Genre: | maďarské romány autobiografické romány Hungarian fiction autobiographical novels |
Search for related items by series
Available copies
- 1 of 1 copy available at Common Catalog SPOK.
Holds
- 0 current holds with 1 total copy.
Show Only Available Copies
| Location | Call Number / Copy Notes | Barcode | Shelving Location | Status | Due Date |
|---|---|---|---|---|---|
| The Jewish community of Prague | K 3446 | 4638300660 | K - Beletrie | Available | - |
| LDR | 02488nam a2200649 i 4500 | ||
|---|---|---|---|
| 001 | 52740 | ||
| 003 | CZ-PrJAB | ||
| 005 | 20190916115418.0 | ||
| 007 | ta | ||
| 008 | 180122s2018 xr g 000 facze | ||
| 015 | . | ‡acnb002942992 | |
| 020 | . | ‡a978-80-200-2820-4 ‡q(vázáno) | |
| 035 | . | ‡a(CZ PrNK)nkc20172942992 | |
| 035 | . | ‡a(OCoLC)1035472521 | |
| 040 | . | ‡aABA001 ‡bcze ‡dOLA001 ‡erda | |
| 041 | 1 | . | ‡acze ‡hhun |
| 045 | . | ‡ax-y- | |
| 072 | 7. | ‡a821.51 ‡xUraloaltajské literatury ‡2Konspekt ‡925 | |
| 072 | 7. | ‡a929 ‡xBiografie ‡2Konspekt ‡98 | |
| 080 | . | ‡a821.511.141-31 ‡2MRF | |
| 080 | . | ‡a821.511.141-051 ‡2MRF | |
| 080 | . | ‡a929 ‡2MRF | |
| 080 | . | ‡a(=411.16) ‡2MRF | |
| 080 | . | ‡a323.28 ‡2MRF | |
| 080 | . | ‡a94(439)"1956" ‡2MRF | |
| 080 | . | ‡a(0:82-312.6) ‡2MRF | |
| 100 | 1 | . | ‡aKonrád, György, ‡d1933-2019 ‡7jn19990210345 ‡4aut |
| 245 | 1 | 0. | ‡aPaměti / ‡cGyörgy Konrád ; z maďarského originálu Elutazás és hazatérés ... a Fenn a hegyen napfogyatkozáskor ... přeložil Robert Svoboda |
| 250 | . | ‡aVydání první | |
| 264 | 1. | ‡aPraha : ‡bAcademia, ‡c2018 | |
| 300 | . | ‡a513 stran ; ‡c21 cm | |
| 336 | . | ‡atext ‡btxt ‡2rdacontent | |
| 337 | . | ‡abez média ‡bn ‡2rdamedia | |
| 338 | . | ‡asvazek ‡bnc ‡2rdacarrier | |
| 490 | 1 | . | ‡aPaměť ; ‡vsv. 97 |
| 505 | 0 | 0. | ‡tOdjezd a návrat -- ‡tNahoře pod zatmělým sluncem |
| 600 | 1 | 7. | ‡aKonrád, György, ‡d1933-2019 ‡7jn19990210345 ‡2czenas |
| 648 | 7. | ‡a1939-1945 ‡7ch460653 ‡2czenas | |
| 648 | 7. | ‡a20.-21. století ‡7ch462155 ‡2czenas | |
| 650 | 0 | 7. | ‡amaďarští spisovatelé ‡7ph122717 ‡y20.-21. století ‡2czenas |
| 650 | 0 | 7. | ‡amaďarští spisovatelé ‡7ph122717 ‡xdětství ‡2czenas |
| 650 | 0 | 7. | ‡aŽidé ‡7ph127782 ‡xperzekuce ‡y1939-1945 ‡2czenas |
| 650 | 0 | 7. | ‡amaďarské povstání (1956) ‡7ph122711 ‡2czenas |
| 650 | 0 | 9. | ‡aHungarian authors ‡y20th-21st centuries ‡2eczenas |
| 650 | 0 | 9. | ‡aHungarian authors ‡xchildhood ‡2eczenas |
| 650 | 0 | 9. | ‡aJews ‡xpersecutions ‡y1939-1945 ‡2eczenas |
| 650 | 0 | 9. | ‡aHungary’s uprising (1956) ‡2eczenas |
| 655 | 7. | ‡amaďarské romány ‡7fd132816 ‡2czenas | |
| 655 | 7. | ‡aautobiografické romány ‡7fd131852 ‡2czenas | |
| 655 | 9. | ‡aHungarian fiction ‡2eczenas | |
| 655 | 9. | ‡aautobiographical novels ‡2eczenas | |
| 700 | 1 | . | ‡aSvoboda, Robert, ‡d1956- ‡7xx0078145 ‡4trl |
| 700 | 1 | 2. | ‡aKonrád, György, ‡d1933-2019. ‡tElutazás és hazatérés. ‡lČesky |
| 700 | 1 | 2. | ‡aKonrád, György, ‡d1933-2019. ‡tFenn a hegyen napfogyatkozáskor. ‡lČesky |
| 830 | 0. | ‡aPaměť (Academia) | |
| 910 | . | ‡aABE461 | |
| 995 | . | ‡aska | |
| 901 | . | ‡a52740 ‡bAUTOGEN ‡c52740 ‡tbiblio | |